| 000 | 00770nam a22002537a 4500 | ||
|---|---|---|---|
| 005 | 20170124105953.0 | ||
| 010 | _aA-459713 | ||
| 020 |
_c00.00 _a8170362105 |
||
| 035 | h | _aA-459713 | |
| 037 | _bCen Lib/Ret | ||
| 040 |
_aDPL _bEN |
||
| 082 |
_a338.954 _bNHD |
||
| 245 |
_aIndia : _cedited by M V Nadkarni, A S Seetharamu [and] Abdul Aziz _bthe emerging challenges / |
||
| 246 | _b | ||
| 260 |
_aNew Delhi _bSage Publications _c1991 |
||
| 270 |
_aM-32 Greater Kailash Market-I _bNew Delhi _e110048 |
||
| 300 |
_a430p. _c21cm(Hb) |
||
| 500 | _aIncludes index | ||
| 650 |
_aPolitical science _988759 |
||
| 650 |
_aEconomic history _96496 |
||
| 700 |
_aSeetharamu, A S _98291 |
||
| 700 |
_aAziz, Abdul _914204 |
||
| 942 |
_2ddc _cEN _h338.954 _mNHD |
||
| 999 |
_c125403 _d125403 |
||